[Event "Madrid ch Superveteranos 2023-2024"]
[Site "Madrid ESP"]
[Date "2024.05.22"]
[Round "7.10"]
[White "Pinan Gaviria, Jose"]
[Black "Garcia Esteban, Ignacio"]
[Result "1-0"]
[WhiteElo "1819"]
[BlackElo "1772"]
[PlyCount "106"]
[EventDate "2024.05.13"]
[EventType "swiss"]
[EventRounds "7"]
[EventCountry "ESP"]
[SourceTitle "Ajedrez en Madrid"]
[Source "lmi"]
[SourceDate "2024.05.13"]
[SourceVersion "1"]
[SourceVersionDate "2024.05.25"]
[SourceQuality "1"]

1. e4 c5 2. Nf3 Nc6 3. d4 cxd4 4. Nxd4 d6 5. Nc3 Nf6 6. Be2 g6 7. Be3 Bg7 8. f3
O-O 9. Qd2 Bd7 10. g4 Rc8 11. O-O-O Ne5 12. h4 Nc4 13. Bxc4 Rxc4 14. h5 Qa5 15.
Nb3 Qc7 16. hxg6 fxg6 17. Bh6 Rf7 18. Bxg7 Rxg7 19. e5 dxe5 20. g5 Bc6 21. gxf6
exf6 22. Ne4 Bxe4 23. fxe4 Rf7 24. Rhe1 a5 25. c3 a4 26. Na1 a3 27. Qd8+ Qxd8
28. Rxd8+ Kg7 29. Kc2 axb2 30. Kxb2 Rfc7 31. Re3 h5 32. Nc2 h4 33. Nb4 Kh6 34.
Nd5 Rf7 35. Rd6 Rc6 36. Rd8 Kg5 37. Rh8 Rc4 38. Kb3 Rc5 39. Kb4 Rc6 40. Rh3 f5
41. R3xh4 f4 42. Rh1 Kg4 43. Rf1 g5 44. Ne3+ Kg3 45. Rhh1 Rb6+ 46. Ka3 f3 47.
Rhg1+ Kf4 48. Nd5+ Kxe4 49. Nxb6 Rg7 50. Nc4 b5 51. Nd2+ Ke3 52. Nxf3 e4 53.
Ne5 g4 1-0

[Event "Madrid ch Superveteranos 2023-2024"]
[Site "Madrid ESP"]
[Date "2024.05.22"]
[Round "7.11"]
[White "Perez Agusti, Luis"]
[Black "Martinez Rubio, Felipe"]
[Result "1-0"]
[WhiteElo "1928"]
[BlackElo "1746"]
[PlyCount "155"]
[EventDate "2024.05.13"]
[EventType "swiss"]
[EventRounds "7"]
[EventCountry "ESP"]
[SourceTitle "Ajedrez en Madrid"]
[Source "lmi"]
[SourceDate "2024.05.13"]
[SourceVersion "1"]
[SourceVersionDate "2024.05.25"]
[SourceQuality "1"]

1. d4 Nf6 2. Nf3 d6 3. Bf4 g6 4. e3 Bg7 5. Be2 O-O 6. O-O Nh5 7. Bg5 h6 8. Bh4
g5 9. Nfd2 Nf6 10. Bg3 Bf5 11. f3 Bg6 12. Bd3 Nd5 13. Qe2 Bxd3 14. Qxd3 c5 15.
Bf2 Nc6 16. c3 cxd4 17. exd4 Nf4 18. Qb5 Qc8 19. Na3 a6 20. Qb6 Nd5 21. Qb3 e6
22. Nac4 Qc7 23. Ne4 Rfd8 24. Bg3 Bf8 25. Rfe1 b5 26. Ne3 Nxe3 27. Rxe3 Na5 28.
Qd1 Bg7 29. Re2 e5 30. Bf2 Nc6 31. Rc1 Qd7 32. Rd2 exd4 33. cxd4 Rac8 34. g4 f5
35. Ng3 fxg4 36. fxg4 Ne7 37. h3 d5 38. Rdc2 Rxc2 39. Rxc2 Rc8 40. Nh5 Rxc2 41.
Qxc2 Bh8 42. Qc5 Ng6 43. Qb6 Qf7 44. Qxa6 Nf4 45. Qc8+ Kh7 46. Nxf4 Qxf4 47.
Qf5+ Qxf5 48. gxf5 Kg7 49. Bg3 Kf7 50. Be5 Bf6 51. a3 Bd8 52. b3 Ba5 53. a4
bxa4 54. bxa4 Bb6 55. Kf2 h5 56. Ke3 Bd8 57. Kd3 Ba5 58. Kc2 Bb6 59. Kb3 Ba5
60. Bd6 Kf6 61. Bb4 Bb6 62. Kc3 Kxf5 63. a5 Ba7 64. Bc5 Bb8 65. a6 g4 66. hxg4+
hxg4 67. a7 Bxa7 68. Bxa7 g3 69. Bb8 Kg4 70. Kb4 Kf3 71. Bxg3 Kxg3 72. Kc5 Kf4
73. Kxd5 Kf5 74. Kd6 Kf6 75. d5 Kf7 76. Kd7 Kf8 77. d6 Kf7 78. Kc7 1-0

[Event "Madrid ch Superveteranos 2023-2024"]
[Site "Madrid ESP"]
[Date "2024.05.22"]
[Round "7.13"]
[White "Barahona Torrijos, Angel"]
[Black "Camarero Izquierdo, Juan Carlos"]
[Result "1-0"]
[WhiteElo "1828"]
[BlackElo "1725"]
[PlyCount "79"]
[EventDate "2024.05.13"]
[EventType "swiss"]
[EventRounds "7"]
[EventCountry "ESP"]
[SourceTitle "Ajedrez en Madrid"]
[Source "lmi"]
[SourceDate "2024.05.13"]
[SourceVersion "1"]
[SourceVersionDate "2024.05.25"]
[SourceQuality "1"]

1. d4 Nf6 2. Nf3 g6 3. Bg5 Bg7 4. Nbd2 O-O 5. e4 d6 6. Bd3 Nbd7 7. O-O e5 8. c3
h6 9. Bh4 g5 10. Bg3 Nh5 11. dxe5 dxe5 12. Nc4 Nf4 13. Bc2 h5 14. Ne3 h4 15.
Bxf4 exf4 16. Nf5 Qf6 17. Qd3 g4 18. e5 Qxf5 19. Qxf5 Re8 20. Qxg4 Nxe5 21.
Qxf4 h3 22. Nxe5 Rxe5 23. Rfe1 Rxe1+ 24. Rxe1 Be6 25. Bf5 Bxa2 26. Qh4 Be6 27.
Rxe6 fxe6 28. Bxe6+ Kf8 29. Qf4+ Ke7 30. Qf7+ Kd6 31. Qd7+ Ke5 32. f4+ Kxf4 33.
Qxg7 hxg2 34. Qd4+ Kg5 35. Qe5+ Kg6 36. Qf5+ Kh6 37. Bf7 Kg7 38. Qg6+ Kf8 39.
Qg8+ Ke7 40. Qxa8 1-0

[Event "Madrid ch Superveteranos 2023-2024"]
[Site "Madrid ESP"]
[Date "2024.05.22"]
[Round "7.14"]
[White "Santiago Jimenez, Ramon"]
[Black "Cabrera Jimenez, Julio"]
[Result "1-0"]
[WhiteElo "1663"]
[BlackElo "1815"]
[PlyCount "63"]
[EventDate "2024.05.13"]
[EventType "swiss"]
[EventRounds "7"]
[EventCountry "ESP"]
[SourceTitle "Ajedrez en Madrid"]
[Source "lmi"]
[SourceDate "2024.05.13"]
[SourceVersion "1"]
[SourceVersionDate "2024.05.25"]
[SourceQuality "1"]

1. d4 Nf6 2. Nf3 d5 3. Bf4 Bf5 4. e3 e6 5. c4 Bb4+ 6. Nc3 c5 7. a3 Bxc3+ 8.
bxc3 Qa5 9. Qb3 O-O 10. Be2 Ne4 11. Rc1 b6 12. O-O Nd7 13. cxd5 a6 14. dxe6
Bxe6 15. Bc4 Bxc4 16. Qxc4 Ndf6 17. Rfd1 Rac8 18. dxc5 Rxc5 19. Qb4 Rb5 20. Qe7
h6 21. Rd8 Rxd8 22. Qxd8+ Kh7 23. Qe7 Nxc3 24. Nd4 Rc5 25. h3 Qxa3 26. Rf1 Qa2
27. Be5 Nce4 28. Nf5 Qd5 29. Qf8 Nh5 30. Ne7 Nhf6 31. Nxd5 Rxd5 32. Bxf6 1-0

[Event "Madrid ch Superveteranos 2023-2024"]
[Site "Madrid ESP"]
[Date "2024.05.22"]
[Round "7.15"]
[White "De Los Rios Camacho, Juan Antoni"]
[Black "Marcos Medina, Alejandro"]
[Result "0-1"]
[WhiteElo "1728"]
[BlackElo "1766"]
[PlyCount "85"]
[EventDate "2024.05.13"]
[EventType "swiss"]
[EventRounds "7"]
[EventCountry "ESP"]
[SourceTitle "Ajedrez en Madrid"]
[Source "lmi"]
[SourceDate "2024.05.13"]
[SourceVersion "1"]
[SourceVersionDate "2024.05.25"]
[SourceQuality "1"]

1. e4 e5 2. Nf3 Nf6 3. Bc4 Nc6 4. d4 exd4 5. c3 d5 6. exd5 Nxd5 7. Nxd4 Nxd4 8.
Qxd4 Be6 9. O-O Qf6 10. Qxf6 gxf6 11. Bb5+ c6 12. Bd3 O-O-O 13. Be4 f5 14. Bf3
Bd6 15. Bg5 Rde8 16. Na3 Rhg8 17. Bh4 Nxc3 18. Nc2 Ne4 19. Rfd1 Kc7 20. Nd4 Ng5
21. Bh5 Bd5 22. Bg3 f4 23. Nb5+ cxb5 24. Rxd5 fxg3 25. Rc1+ Kd7 26. Bg4+ Ke7
27. hxg3 Ne6 28. Bh3 Rc8 29. Rcd1 Rc6 30. Rxb5 b6 31. Rh5 Rc2 32. Bxe6 Kxe6 33.
Rh6+ Rg6 34. Rxh7 Bc5 35. Re1+ Kf6 36. Rd1 Rxf2 37. Kh1 Rxb2 38. Rd7 Rg7 39.
Rh6+ Kg5 40. Rh4 Rxa2 41. Rd5+ f5 42. Rh8 Rg6 43. Rh2 0-1

[Event "Madrid ch Superveteranos 2023-2024"]
[Site "Madrid ESP"]
[Date "2024.05.22"]
[Round "7.16"]
[White "Olmedo Camacho, Jose"]
[Black "Diaz Begonte, Manuel"]
[Result "0-1"]
[WhiteElo "1750"]
[BlackElo "1712"]
[PlyCount "83"]
[EventDate "2024.05.13"]
[EventType "swiss"]
[EventRounds "7"]
[EventCountry "ESP"]
[SourceTitle "Ajedrez en Madrid"]
[Source "lmi"]
[SourceDate "2024.05.13"]
[SourceVersion "1"]
[SourceVersionDate "2024.05.25"]
[SourceQuality "1"]

1. e4 d5 2. exd5 Nf6 3. d4 Nxd5 4. c4 Nb6 5. Nc3 g6 6. Be3 Bg7 7. Qd2 Bg4 8. h3
Bf5 9. Rd1 Nc6 10. g4 Bd7 11. c5 Nc8 12. Bg2 e6 13. Nf3 O-O 14. Bh6 N8e7 15.
Bxg7 Kxg7 16. h4 e5 17. d5 Bxg4 18. dxc6 Qxd2+ 19. Rxd2 Nxc6 20. Nh2 Be6 21.
Bxc6 bxc6 22. O-O f5 23. f3 Kf6 24. Re1 Rfe8 25. b3 Rab8 26. Nf1 Rb4 27. Rh2
Rd4 28. Rd1 Red8 29. Rhd2 Rxd2 30. Rxd2 Bd5 31. Kf2 Ke6 32. Ne3 f4 33. Nc4 h6
34. Ne4 Rd7 35. Re2 Rf7 36. Kg2 Rf5 37. Kh3 Rf7 38. Rg2 Rg7 39. Rf2 Kf5 40.
Ncd2 g5 41. hxg5 hxg5 42. Rg2 0-1

[Event "Madrid ch Superveteranos 2023-2024"]
[Site "Madrid ESP"]
[Date "2024.05.22"]
[Round "7.17"]
[White "Martinez Miura, Enrique"]
[Black "Mauriello, Nunzio"]
[Result "0-1"]
[WhiteElo "1703"]
[BlackElo "1726"]
[PlyCount "104"]
[EventDate "2024.05.13"]
[EventType "swiss"]
[EventRounds "7"]
[EventCountry "ESP"]
[SourceTitle "Ajedrez en Madrid"]
[Source "lmi"]
[SourceDate "2024.05.13"]
[SourceVersion "1"]
[SourceVersionDate "2024.05.25"]
[SourceQuality "1"]

1. e4 c6 2. d4 d5 3. Nc3 dxe4 4. Nxe4 Nf6 5. Nxf6+ exf6 6. Nf3 Bd6 7. h3 O-O 8.
Be2 Re8 9. O-O Nd7 10. Be3 Nf8 11. Qd2 Be6 12. c4 Qd7 13. Rfe1 Ng6 14. Bf1 Rad8
15. Kh1 Bb8 16. Rad1 Qc7 17. g3 Re7 18. Qc3 Red7 19. Rd2 Bf5 20. Bg2 h6 21. Ng1
Be6 22. Ne2 Qc8 23. Qc2 Re7 24. Rc1 Bf5 25. Qd1 Bxh3 26. Kh2 Bxg2 27. Kxg2 Qg4
28. Qh1 Qe4+ 29. Kg1 Qxh1+ 30. Kxh1 Red7 31. Nc3 Ne7 32. Kg2 f5 33. Rcd1 g5 34.
f4 f6 35. Rf2 Kf7 36. Rh1 Kg6 37. Kf1 a6 38. a4 Ba7 39. c5 b6 40. Rfh2 Rh8 41.
Rh5 g4 42. b4 bxc5 43. bxc5 Rb7 44. R5h2 Bb8 45. Rc2 Rd8 46. Kf2 Bc7 47. Rd1
Ba5 48. Na2 Rdb8 49. Bc1 Nd5 50. Bd2 Bxd2 51. Rdxd2 Rb3 52. Nc1 Rf3+ 0-1

[Event "Madrid ch Superveteranos 2023-2024"]
[Site "Madrid ESP"]
[Date "2024.05.22"]
[Round "7.18"]
[White "Siddiqie, Kausar Iqbal"]
[Black "Corredor Gonzalez, Angel L."]
[Result "1-0"]
[WhiteElo "1596"]
[BlackElo "1845"]
[PlyCount "77"]
[EventDate "2024.05.13"]
[EventType "swiss"]
[EventRounds "7"]
[EventCountry "ESP"]
[SourceTitle "Ajedrez en Madrid"]
[Source "lmi"]
[SourceDate "2024.05.13"]
[SourceVersion "1"]
[SourceVersionDate "2024.05.25"]
[SourceQuality "1"]

1. e4 d5 2. exd5 Nf6 3. Nf3 Nxd5 4. d4 Nc6 5. c4 Nb6 6. d5 Na5 7. b3 e6 8. Bd2
Qf6 9. Bc3 Bb4 10. Bxb4 Qxa1 11. Bxa5 Qxa2 12. Bc3 O-O 13. Be2 exd5 14. O-O
dxc4 15. Qd4 f6 16. Bxc4+ Kh8 17. Bb4 Re8 18. Bf7 Bf5 19. Bxe8 Bxb1 20. Bf7 Bf5
21. Be7 Nd7 22. Nh4 c5 23. Bxc5 Nxc5 24. Nxf5 Qc2 25. Nh6 Nxb3 26. Bxb3 Qxb3
27. Nf5 a5 28. Rd1 h6 29. Qd7 Rg8 30. h3 a4 31. Rd3 Qb1+ 32. Kh2 Qb2 33. Rg3 g5
34. Nxh6 Rg7 35. Qe8+ Kh7 36. Nf5 Rc7 37. Qxa4 Qxf2 38. Qe4 Qc5 39. Nh4+ 1-0

[Event "Madrid ch Superveteranos 2023-2024"]
[Site "Madrid ESP"]
[Date "2024.05.22"]
[Round "7.19"]
[White "Perez Molero, Jose Ignacio"]
[Black "Becerra Baigorri, Jose"]
[Result "0-1"]
[WhiteElo "1682"]
[BlackElo "1687"]
[PlyCount "90"]
[EventDate "2024.05.13"]
[EventType "swiss"]
[EventRounds "7"]
[EventCountry "ESP"]
[SourceTitle "Ajedrez en Madrid"]
[Source "lmi"]
[SourceDate "2024.05.13"]
[SourceVersion "1"]
[SourceVersionDate "2024.05.25"]
[SourceQuality "1"]

1. d4 d5 2. c4 e6 3. Nc3 Nf6 4. Bg5 Be7 5. e3 h6 6. Bh4 O-O 7. Nf3 Nbd7 8. cxd5
exd5 9. Bd3 c6 10. Qc2 Re8 11. O-O Ne4 12. Bxe7 Qxe7 13. Nd2 Ndf6 14. Ndxe4
Nxe4 15. Nxe4 dxe4 16. Bc4 Qg5 17. f4 exf3 18. Rxf3 Be6 19. Raf1 Rf8 20. Bxe6
fxe6 21. Qe4 Qd5 22. Rxf8+ Rxf8 23. Rxf8+ Kxf8 24. Qf4+ Ke7 25. Qc7+ Qd7 26.
Qxd7+ Kxd7 27. Kf2 e5 28. Kf3 exd4 29. exd4 Ke6 30. Ke4 g6 31. h4 b6 32. b3 a6
33. a3 a5 34. b4 axb4 35. axb4 Kd6 36. g3 Ke6 37. g4 g5 38. hxg5 hxg5 39. d5+
cxd5+ 40. Kd4 Kd6 41. Kd3 Ke5 42. Ke3 b5 43. Kd3 d4 44. Ke2 Ke4 45. Kd2 d3 0-1

[Event "Madrid ch Superveteranos 2023-2024"]
[Site "Madrid ESP"]
[Date "2024.05.22"]
[Round "7.21"]
[White "Gonzalez Finat, Borja"]
[Black "Ros Martinez, Francisco Javier"]
[Result "0-1"]
[WhiteElo "1672"]
[BlackElo "1731"]
[PlyCount "92"]
[EventDate "2024.05.13"]
[EventType "swiss"]
[EventRounds "7"]
[EventCountry "ESP"]
[SourceTitle "Ajedrez en Madrid"]
[Source "lmi"]
[SourceDate "2024.05.13"]
[SourceVersion "1"]
[SourceVersionDate "2024.05.25"]
[SourceQuality "1"]

1. d4 Nf6 2. Nf3 g6 3. e3 Bg7 4. b4 O-O 5. c4 d6 6. b5 c5 7. Bb2 Ne4 8. Qc2
Qa5+ 9. Nbd2 Nxd2 10. Nxd2 cxd4 11. exd4 e5 12. d5 Nd7 13. Bd3 Nc5 14. Bc3 Qd8
15. O-O f5 16. Be2 Qe7 17. Rac1 f4 18. Bd3 Nxd3 19. Qxd3 Bf5 20. Qe2 Rae8 21.
Rfe1 g5 22. h3 Qf6 23. Qf3 Qg6 24. Bb4 e4 25. Qa3 e3 26. Nf3 exf2+ 27. Kxf2 g4
28. Rxe8 Rxe8 29. Re1 gxf3 30. Rxe8+ Qxe8 31. Qxf3 Bd4+ 32. Kf1 Qe3 33. Qxe3
Bxe3 34. Bxd6 Bd3+ 35. Ke1 Bxc4 36. a4 Bxd5 37. Kf1 Bc4+ 38. Ke1 Kf7 39. g4 Ke6
40. Bc7 Kf6 41. h4 f3 42. Bg3 Be6 43. g5+ Kf5 44. Kf1 Kg4 45. Bf2 Bxf2 46. Kxf2
Bd5 0-1

[Event "Madrid ch Superveteranos 2023-2024"]
[Site "Madrid ESP"]
[Date "2024.05.22"]
[Round "7.22"]
[White "Ghavami, Mahmoud"]
[Black "Infante Martin, Alonso"]
[Result "1-0"]
[WhiteElo "1682"]
[BlackElo "1620"]
[PlyCount "81"]
[EventDate "2024.05.13"]
[EventType "swiss"]
[EventRounds "7"]
[EventCountry "ESP"]
[SourceTitle "Ajedrez en Madrid"]
[Source "lmi"]
[SourceDate "2024.05.13"]
[SourceVersion "1"]
[SourceVersionDate "2024.05.25"]
[SourceQuality "1"]

1. d4 Nf6 2. c4 d6 3. Nc3 Nbd7 4. Nf3 c6 5. Qc2 h6 6. Bf4 Qc7 7. h3 a6 8. e3 e5
9. dxe5 dxe5 10. Bh2 Bd6 11. Bd3 Nf8 12. O-O Be6 13. Ne4 Nxe4 14. Bxe4 Qc8 15.
c5 Bc7 16. Kh1 f5 17. Bd3 e4 18. Bxe4 fxe4 19. Qxe4 Bxh2 20. Nxh2 Qc7 21. Rad1
Qe7 22. Rd6 Kf7 23. Rfd1 h5 24. Nf3 Rh6 25. Ne5+ Kg8 26. f4 Bd5 27. R1xd5 cxd5
28. Qxd5+ Kh7 29. Qd3+ Kg8 30. Qd5+ Kh7 31. Qd3+ g6 32. Nd7 Ne6 33. Qc3 Rf8 34.
Qe5 g5 35. Nxf8+ Qxf8 36. Rxe6 Rxe6 37. Qxe6 gxf4 38. Qe4+ Kg7 39. Qe5+ Kg8 40.
exf4 Qf7 41. a3 1-0

[Event "Madrid ch Superveteranos 2023-2024"]
[Site "Madrid ESP"]
[Date "2024.05.22"]
[Round "7.23"]
[White "Hortelano Hap, Ramon"]
[Black "Benito Mellado, Humberto"]
[Result "1/2-1/2"]
[WhiteElo "1678"]
[BlackElo "1608"]
[PlyCount "56"]
[EventDate "2024.05.13"]
[EventType "swiss"]
[EventRounds "7"]
[EventCountry "ESP"]
[SourceTitle "Ajedrez en Madrid"]
[Source "lmi"]
[SourceDate "2024.05.13"]
[SourceVersion "1"]
[SourceVersionDate "2024.05.25"]
[SourceQuality "1"]

{[%evp 0,56,19,-12,11,13,9,17,19,0,38,26,35,30,3,19,19,19,16,16,63,13,17,-1,16,
13,33,32,49,50,71,57,69,57,57,82,116,82,111,108,121,52,41,-12,9,15,16,0,18,18,
10,-28,-37,-76,-80,-77,-79,-78,-78]} 1. c4 c5 2. Nc3 Nc6 3. Nf3 Nf6 4. g3 g6 5.
Bg2 Bg7 6. O-O O-O 7. d4 cxd4 8. Nxd4 Nxd4 9. Qxd4 h6 10. Qd3 d6 11. Rb1 Ng4
12. b3 Rb8 13. Bb2 Bf5 14. e4 Ne5 15. Qd2 Bg4 16. f3 Be6 17. Nd5 Re8 18. f4 Ng4
19. Bxg7 Kxg7 20. f5 Bxd5 21. cxd5 Ne5 22. fxg6 fxg6 23. Rbc1 Qb6+ 24. Kh1 Rf8
25. Rxf8 Rxf8 26. Qc2 Rf2 27. Qc7 Qxc7 28. Rxc7 Kf6 1/2-1/2

[Event "Madrid ch Superveteranos 2023-2024"]
[Site "Madrid ESP"]
[Date "2024.05.22"]
[Round "7.25"]
[White "Garcia Marin, Blas"]
[Black "Calle Trueba, Jose Antonio"]
[Result "1-0"]
[WhiteElo "1612"]
[BlackElo "1633"]
[PlyCount "69"]
[EventDate "2024.05.13"]
[EventType "swiss"]
[EventRounds "7"]
[EventCountry "ESP"]
[SourceTitle "Ajedrez en Madrid"]
[Source "lmi"]
[SourceDate "2024.05.13"]
[SourceVersion "1"]
[SourceVersionDate "2024.05.25"]
[SourceQuality "1"]

1. e4 e6 2. d4 d5 3. exd5 exd5 4. Nf3 Nf6 5. Nc3 c6 6. h3 Be7 7. Bd3 Be6 8. Be3
O-O 9. Ne2 Re8 10. O-O Nbd7 11. Nf4 Bd6 12. Nxe6 Rxe6 13. c3 Ne4 14. Qc2 f5 15.
Bxe4 fxe4 16. Nh2 Rg6 17. f4 Qc7 18. Ng4 Re6 19. Ne5 Nxe5 20. fxe5 Be7 21. Rf2
Rf8 22. Raf1 Rg6 23. Rxf8+ Bxf8 24. Qf2 Qe7 25. h4 Qe8 26. Qf5 h5 27. Kh2 Be7
28. g3 Rg4 29. Qe6+ Kh7 30. Rf7 Qd8 31. Qxe7 Qb6 32. b3 Qa5 33. Bg5 Qxa2+ 34.
Kh3 Rxg5 35. Qxg5 1-0